000 00350nam a2200145Ia 4500
008 230917s9999||||xx |||||||||||||| ||und||
040 _e47572
_aMAIN
041 _aEnglish
082 _a822.33 S15J
100 _aShakespeare, William
245 0 _aJulius Caesar
260 _aHammnodsworth
_bPenguin Books
_c1977
300 _a250 p.
942 _cBK
999 _c197391
_d197391